=LDR 00000nam 2200000 4500 =001 INLIS000000000022898 =005 20130612121617 =008 ***********************************Ind** =035 ##$$0010-061300000022898 =041 ##$$a Ind =082 ##$$a 813 =090 ##$$a 813, Ham-t =100 ##$$a Hamka =245 ##$$a Tengelamnya KapalVan Der Wijk, Hamka =260 ##$$a 1994 $b Jakarta =300 ##$$a 224 hlm., 21 cm =650 ##$$a Fiksi Indonsia =850 ##$$a NBPNMAT